[Event "Tom Weston Major op"]
[Site "Wales"]
[Date "2008.03.24"]
[Round "6"]
[White "Gutteridge, Tom"]
[Black "Teng, Yinglun"]
[Result "0-1"]
[WhiteElo "1778"]
[BlackElo "1758"]
[PlyCount "64"]
[EventDate "2008.03.21"]
[EventType "swiss"]
[EventRounds "7"]
[EventCountry "WLS"]
[SourceTitle "EXT 2010"]
[Source "ChessBase"]
[SourceDate "2010.11.25"]
[SourceVersion "1"]
[SourceVersionDate "2010.11.25"]
[SourceQuality "1"]

1. d4 Nf6 2. Nf3 c5 3. e3 d6 4. Bd3 Bg4 5. Nbd2 Nbd7 6. 0-0 g6 7. h3 Bxf3 8. Nxf3 Bg7 9. c3 0-0 10. e4 Qc7 11. Re1 e5 12. d5 c4 13. Bc2 b5 14. Be3 a5 15. Qd2 Rfc8 16. Bh6 Rab8 17. Bxg7 Kxg7 18. a3 Qc5 19. g3 b4 20. axb4 axb4 21. Kg2 b3 22. Bd1 Qb6 23. Nh2 Nc5 24. Bf3 Nd3 25. Re2 Ra8 26. Rb1 Ra2 27. Ng4 Nxg4 28. hxg4 h6 29. Re3 Qa5 30. Be2 Rxb2 31. Rxb2 Nxb2 32. Qxb2 Qa2 0-1

[Event "Tom Weston Major op"]
[Site "Wales"]
[Date "2007.04.08"]
[Round "4"]
[White "Teng, Yinglun"]
[Black "Blackburn, Jonathan LB"]
[Result "1/2-1/2"]
[WhiteElo "1677"]
[BlackElo "1520"]
[PlyCount "58"]
[EventDate "2007.04.06"]
[EventType "swiss"]
[EventRounds "7"]
[EventCountry "WLS"]
[SourceTitle "EXT 2010"]
[Source "ChessBase"]
[SourceDate "2010.11.25"]
[SourceVersion "1"]
[SourceVersionDate "2010.11.25"]
[SourceQuality "1"]

1. e4 e6 2. d4 d5 3. exd5 exd5 4. Bd3 Bd6 5. Nf3 Nf6 6. 0-0 0-0 7. c3 Bg4 8. Bg5 Nbd7 9. Nbd2 c6 10. Qc2 Qc7 11. Rae1 Rae8 12. b3 h6 13. Bh4 Rxe1 14. Rxe1 Re8 15. Rxe8+ Nxe8 16. c4 Nef6 17. c5 Be7 18. Bg3 Qd8 19. Ne5 Nxe5 20. dxe5 Nh5 21. h3 Bd7 22. Bh2 g5 23. g3 Bxh3 24. Be2 Ng7 25. g4 Qd7 26. f3 Ne6 27. b4 Nd4 28. Qd3 Nxe2+ 29. Qxe2 h5 1/2-1/2

[Event "Tom Weston Major op"]
[Site "Wales"]
[Date "2007.04.07"]
[Round "2"]
[White "Teng, Yinglun"]
[Black "Buttell, David"]
[Result "0-1"]
[WhiteElo "1677"]
[BlackElo "1688"]
[PlyCount "70"]
[EventDate "2007.04.06"]
[EventType "swiss"]
[EventRounds "7"]
[EventCountry "WLS"]
[SourceTitle "EXT 2010"]
[Source "ChessBase"]
[SourceDate "2010.11.25"]
[SourceVersion "1"]
[SourceVersionDate "2010.11.25"]
[SourceQuality "1"]

1. e4 c5 2. Nc3 d6 3. f4 Nc6 4. Nf3 Nf6 5. Bc4 e6 6. 0-0 Be7 7. Qe1 0-0 8. d3 a6 9. a4 Nb4 10. Bb3 Qb6 11. Kh1 Nxd3 12. Qh4 Nxe4 13. Qxe7 Ndf2+ 14. Kg1 c4 15. Nxe4 Nxe4+ 16. Kh1 cxb3 17. c3 Qd8 18. Qxd8 Rxd8 19. Nd4 Nc5 20. Ra3 Bd7 21. Nxb3 Nxa4 22. Na5 Rab8 23. Rb3 b6 24. Nc4 Bb5 25. Rb4 d5 26. Ne5 Bxf1 27. Nc6 Bb5 28. Nxd8 Rxd8 29. Be3 Nc5 30. Kg1 Kf8 31. Bd4 f6 32. g3 Ke7 33. Kg2 Kd6 34. Kf3 Kc6 35. Bxc5 bxc5 0-1

[Event "Tom Weston Major op"]
[Site "Wales"]
[Date "2007.04.06"]
[Round "1"]
[White "Garcia, Jason"]
[Black "Teng, Yinglun"]
[Result "0-1"]
[WhiteElo "1948"]
[BlackElo "1677"]
[PlyCount "60"]
[EventDate "2007.04.06"]
[EventType "swiss"]
[EventRounds "7"]
[EventCountry "WLS"]
[SourceTitle "EXT 2010"]
[Source "ChessBase"]
[SourceDate "2010.11.25"]
[SourceVersion "1"]
[SourceVersionDate "2010.11.25"]
[SourceQuality "1"]

1. e4 e5 2. f4 exf4 3. Bc4 g5 4. h4 d6 5. d4 Bg7 6. Nc3 Nc6 7. Qh5 Qe7 8. hxg5 Nxd4 9. Bd3 Ne6 10. Nd5 Qd8 11. Nh3 c6 12. Ndxf4 Nxf4 13. Nxf4 Qa5+ 14. Bd2 Qb6 15. Bc4 d5 16. exd5 Qxb2 17. 0-0 Qd4+ 18. Kh1 Qxc4 19. Rae1+ Ne7 20. d6 0-0 21. dxe7 Re8 22. Rf3 Bf5 23. g4 Be4 24. Rxe4 Qxe4 25. Kg2 Rxe7 26. Kg3 Rf8 27. Re3 Qxc2 28. Rxe7 Qxd2 29. Qh1 Qxa2 30. Nh5 Qa3+ 0-1

[Event "WLS-ch Minor"]
[Site "Cardiff"]
[Date "2005.03.27"]
[Round "4"]
[White "Parry, Samuel A"]
[Black "Teng, Yinglun"]
[Result "1-0"]
[WhiteElo "1517"]
[BlackElo "1302"]
[PlyCount "121"]
[EventDate "2005.03.26"]
[EventType "swiss"]
[EventRounds "7"]
[EventCountry "WLS"]
[SourceTitle "EXT 2006"]
[Source "ChessBase"]
[SourceDate "2005.11.24"]
[SourceVersion "1"]
[SourceVersionDate "2005.11.24"]
[SourceQuality "1"]

1. Nc3 e5 2. Nf3 Nc6 3. d4 exd4 4. Nxd4 Bb4 5. Qd3 Qf6 6. e3 Nge7 7. a3 Ba5 8. Bd2 Nxd4 9. exd4 Nc6 10. 0-0-0 0-0 11. Be3 d6 12. h4 Bf5 13. Qd2 Rfe8 14. Bd3 Bg6 15. Rde1 Nxd4 16. Bg5 Bxc3 17. bxc3 Nf3 18. gxf3 Qxf3 19. Rhf1 Rxe1+ 20. Rxe1 h6 21. Be3 Re8 22. Rg1 Kh7 23. Bxg6+ fxg6 24. Qd3 Qe4 25. Qxe4 Rxe4 26. Bxa7 Ra4 27. Bb8 Rxa3 28. Kb2 Ra4 29. Bxc7 Rxh4 30. Bxd6 Rh5 31. f4 Rb5+ 32. Bb4 Rf5 33. Bd6 Rf6 34. Be5 Rb6+ 35. Kc1 Re6 36. Rd1 g5 37. Rd7 Kg6 38. Rxg7+ Kf5 39. Rf7+ Kg4 40. Kd2 gxf4 41. Bxf4 h5 42. Be3 Rg6 43. Rxb7 h4 44. Rb4+ Kg3 45. Ke2 h3 46. Bf4+ Kg2 47. Bb8 Rg8 48. c4 Re8+ 49. Kd3 Rd8+ 50. Kc3 Rf8 51. Kb3 Rc8 52. c3 Kf1 53. Rb5 Kg2 54. c5 Kf3 55. Kc4 Ke4 56. Bd6 Kf3 57. Kd5 Rd8 58. Kc6 Kg2 59. Rb8 Rxd6+ 60. cxd6 h2 61. Rh8 1-0